Toutes les races de vache - Statistiques

Statistiques générales
  • Ce quiz a été pris 156 fois
    138 depuis la dernière actualisation
  • Le résultat moyen est 2 sur 15
Statistiques - réponses
Par images Réponse % Correct
Salers
100%
Salers
91%
Aubrac
85%
Aubrac
80%
Aubrac
67%
Mirandesa
50%
Murciana levantina
50%
Pajuna
40%
Rubia gallega
40%
Blanca Cacerena
33%
Marismena
33%
Piamontesa
33%
Pirenaica
30%
Asturiana de la montana
25%
Barrosa
25%
Cardena andaluza
25%
Gascona
25%
Gelbvieh
25%
Herens
25%
Sayaguesa
25%
Serrana negra
25%
Tudanca
25%
Aberdeen angus
22%
Dexter
20%
Gascona
20%
Limiana
20%
Pirenaica
20%
West Higland
20%
Jersey
17%
Menorquina
17%
Shorthorn
17%
Canaria
14%
Chianina
14%
Albera
13%
Cachena
13%
Menorquina
13%
Negra andaluza
11%
Pirenaica
11%
Vianesa
11%
Alentejana
9%
Aberdeen angus
0%
Aberdeen angus
0%
Albera
0%
Alentejana
0%
Alistana sanabresa
0%
Alistana sanabresa
0%
Alistana sanabresa
0%
Arouquesa
0%
Arouquesa
0%
Asturiana de la montana
0%
Asturiana de la montana
0%
Asturiana de los valles
0%
Asturiana de los valles
0%
Asturiana de los valles
0%
Avilena
0%
Avilena
0%
Avilena
0%
Betizu
0%
Betizu
0%
Blanca Cacerena
0%
Cachena
0%
Caldelana
0%
Caldelana
0%
Caldelana
0%
Camarguesa
0%
Canaria
0%
Cardena andaluza
0%
Charoles
0%
Charoles
0%
Chianina
0%
Frieiresa
0%
Frieiresa
0%
Frieiresa
0%
Galloway
0%
Gascona
0%
Gascona
0%
Gascona
0%
Gelbvieh
0%
Guernsey
0%
Guernsey
0%
Guernsey
0%
Guernsey
0%
Jersey
0%
Jersey
0%
Limiana
0%
Limusina
0%
Limusina
0%
Mallorquina
0%
Mallorquina
0%
Marenmana
0%
Marismena
0%
Menorquina
0%
Mertolenga
0%
Mertolenga
0%
Mirandesa
0%
Monchina
0%
Monchina
0%
Morucha
0%
Morucha
0%
Morucha
0%
Murciana levantina
0%
Negra andaluza
0%
Negra andaluza
0%
Pajuna
0%
Pallaresa
0%
Pallaresa
0%
Pallaresa
0%
Palmera
0%
Palmera
0%
Palmera
0%
Palmera
0%
Palmera
0%
Parda suiza
0%
Pasiega
0%
Pasiega
0%
Piamontesa
0%
Pirenaica
0%
Pirenaica
0%
Retinta
0%
Retinta
0%
Roja sueca
0%
Roja sueca
0%
Rubia de Aquitania
0%
Rubia gallega
0%
Rubia gallega
0%
Sayaguesa
0%
Sayaguesa
0%
Sayaguesa
0%
Serrana negra
0%
Shorthorn lechera
0%
Terrena
0%
Tudanca
0%
Vianesa
0%
Vianesa
0%
Wagyu
0%
Wagyu
0%
Aucun quiz correspondant
Distribution des résultats
% des personnes avec chaque résultat
Percentile par nombre de réponses
Votre historique - résultats
Vous n’avez pas pris ce quiz depuis la dernière actualisation